Humanity and modern social thought (Record no. 1367468)

MARC details
000 -LEADER
fixed length control field 00634nam a2200229Ia 4500
005 - DATE AND TIME OF LATEST TRANSACTION
control field 20250508160930.0
008 - FIXED-LENGTH DATA ELEMENTS--GENERAL INFORMATION
fixed length control field 008 250505s9999 xx 000 0 eng d
020 ## - INTERNATIONAL STANDARD BOOK NUMBER
International Standard Book Number 0-03-089433-6
037 ## - SOURCE OF ACQUISITION
Stock number Textual
040 ## - CATALOGING SOURCE
Original cataloging agency FEDL
Language of cataloging eng
Transcribing agency FEDL
041 ## - LANGUAGE CODE
Language code of text/sound track or separate title eng
Source of code eng
084 ## - COLON CLASSIFICATION NUMBER
Classification number 177.7, CUZ
Assigning agency FEDL
100 ## - MAIN ENTRY--PERSONAL NAME
Personal name Cuzzort R. P.
9 (RLIN) 270421
245 #0 - TITLE STATEMENT
Title Humanity and modern social thought
250 ## - EDITION STATEMENT
Edition statement 2nd
260 ## - PUBLICATION, DISTRIBUTION, ETC.
Place of publication, distribution, etc. Hinsdale
Name of publisher, distributor, etc. The Dryden Press
Date of publication, distribution, etc. 1976
300 ## - PHYSICAL DESCRIPTION
Extent xi,368p
650 ## - SUBJECT ADDED ENTRY--TOPICAL TERM
Topical term or geographic name entry element Ethics of social relation
9 (RLIN) 761843
700 ## - ADDED ENTRY--PERSONAL NAME
Personal name King E. W.
9 (RLIN) 769778
942 ## - ADDED ENTRY ELEMENTS (KOHA)
Koha item type Textual
Classification part 177.7, CUZ
Holdings
Withdrawn status Lost status Damaged status Not for loan Home library Current library Date acquired Total Checkouts Full call number Barcode Date last seen Price effective from Koha item type
        Department of Education Library Department of Education Library 2025-05-08   177.7, CUZ EL0054470 2025-05-08 2025-05-08 Textual
Copyright @ Delhi University Library System